000 00942nam a2200277 a 4500
001 000041055
005 20240306164224.0
008 130916s1982 sp 000 j spa d
020 _a8432204315
040 _aDO-SdBNP
_bspa
_cBNPHU
082 _aPe863.44
_bV297L, 1982
100 1 _aVargas Llosa, Mario,
_d1936-
_b1936-
_912567
245 1 0 _aLos jefes ;
_blos cachorros /
_cMario Vargas Llosa.
250 _a5a ed.
260 _aBarcelona :
_bSeix Barral,
_c1982.
300 _axi, 151 p. ;
_c20 cm.
490 1 _aBiblioteca breve;
_anovela
_v456
500 _aIncluye datos biográficos del autor en las solapas
501 _aEncuadernado con: Los cachorros
563 _aDos obras encuadernadas juntas con paginación continua
650 4 _aCuentos peruanos
_922009
650 4 _aLiteratura peruana
_93140
740 3 2 _aLos cachorros
830 0 _aBiblioteca breve
_pnovela
_n456
_967544
910 _aValidado. Control de calidad MFF
999 _c40545
_d40545